MDQL
is popping MORE tags! Check the
thread
!
Quizzes
Events
Quiz Creation
Community
Videos
Private Events
Remove Ads
Sign In
Join for FREE
Feedback
Dark Mode
Quiz Categories
Sports
Geography
Music
Movies
Television
Just For Fun
Miscellaneous
History
Literature
Language
Science
Gaming
Entertainment
Religion
Holiday
For Kids
Quiz Lab
Recent
Popular Today
Quiz Kudos Today
Editor Picks
Curator Picks
Quizzes by...
Day
Popularity
Type
Ratings
Length
Year
Community
Subscriptions
Recent Discussions
Orange Saloon
Badges
Playlists
Quests
Create
Leaderboards
Showdown
Live 5
Trivia Bingo
Activity
Puzzle Library
Sporcle Events
Private Events
Virtual Trivia
Globe League
Become a Host
Pub Owners
SporcleCon
Opinionation
Our Games
Videos
Blog
Mobile Apps
Partnerships
Remove Ads and Go Orange
Feedback
Gaming
Video Games
Board Games
Card Games
Pokémon
Mario
Nintendo
Minecraft
Console
Toys
Legend of Zelda
Gaming
Video Games
Board Games
Card Games
Pokémon
Mario
Nintendo
Minecraft
Console
Toys
Legend of Zelda
Random Quiz
Search Sporcle
×
Quiz Lab
Quiz Lab
Gaming
custom
Type in answers that appear in a list
Type in answers that appear in a list
Classic
Best Score? Go Orange.
Super Smash Bros.: Robin's Custom Moves Stats
Can you name the Super Smash Bros.: Robin's Custom Moves?
By
tsx
90s
12 Questions
33 Plays
33 Plays
33 Plays
Comments
Comments
Give Quiz Kudos
Give Quiz Kudos
-
- Ratings
hide this ad
Replay
Link that replays current quiz
Next Quiz
Link to next quiz in quiz playlist
You Got
0%
They Got
Avg Score
87%
Avg Friend Score
Upgrade to see
Score Distribution
Jump to the score distribution portion of the page
Score
0/12
Timer
01:30
0
Plays Today
Direction
Move
% Correct
Neutral B
Thunder
97%
Side B
Arcfire
90.9%
Neutral B
Thunder+
87.9%
Side B
Arcfire+
87.9%
Side B
Fire Wall
87.9%
Up B
Elwind
87.9%
Down B
Nosferatu
87.9%
Down B
Distant Nosferatu
87.9%
Down B
Goetia
87.9%
Up B
Soaring Elwind
81.8%
Up B
Gliding Elwind
81.8%
Neutral B
Speed Thunder
78.8%
Quiz Playlist
Details
Report
Send in Message
Add To Playlist
Classic:
Type in answers that appear in a list
Last Updated: Feb 16, 2017
Quiz Scoreboard
CHALLENGE
Sign Up to Join the Scoreboard
Show All
Scores
Hide
Comments
May contain spoilers
Recently Published
Holiday 10x10 Sorting Gallery
by lukepisani3
Holiday
15m
Two Season TV Shows II
by 123Four
Television
10m
Image Sorting: Flags VI
by Barbecue
Geography
2m
More to Explore
Quiz From the Vault
Featured Blog Post
14 Easter Pick-up Lines to Find Eggs With
hide this ad
You Might Also Like...
Tags
bro
custom
direction
robin
smash
Today's Top Quizzes in Gaming
Browse Gaming
hide this ad
Today's Top Quizzes in custom
Browse custom
Top Contributed Quizzes in Gaming
1
League of Legends Pro Players by Career/Team History
2
Genshin Impact Logic Puzzle
3
Destiny 2 exotic weapons by perk icons
4
Genshin Impact Logic Puzzle Quiz
5
Genshin murder mystery
6
4x4 Decades: Video Games
7
Who's on the WWE 2K24 Cover?
8
Ultimate Genshin Impact Logic Puzzle (up to 4.3)
9
Dead By Daylight Logic Puzzle
10
Undertale Logic Puzzle
Explore More
Trending Topics
Disney
Marvel
Harry Potter
Crossword
Kpop
Anime
NBA
The Office
WWE
Song
NFL
Pokémon
Country
Soccer
Puzzle
hide this ad
More By:
tsx
Quiz
Plays
Rating
Category
Featured
Created
Niall Horan Songs
13,447
5.00
Music
Sep 22, 2017
Morgan Wallen Songs
11,775
5.00
Music
Jan 9, 2021
Paper Mario Games
10,145
4.50
Gaming
Mar 22, 2016
Super Smash Bros. Ultimate Fighters
6,953
5.00
Gaming
Jun 14, 2018
Harry Styles Songs
3,028
3.00
Music
Apr 15, 2017
Go to Creator's Profile
Score Distribution
Quiz Creator Spotlight
tsx
Follow
Send a Message
Quizzes Created
-
Created Quiz Play Count
-
More By This Creator
Popular Quizzes Today
1
Find the US States - No Outlines Minefield
2
Colored Red Africa Blitz
3
Find the 'City' Movie
4
The Countries of the World
5
Find the US States
6
5x2 Blitz: Bands
7
Find the Countries of Europe - No Outlines Minefield
8
US States
More Gaming Quizzes
Pokémon Inspired By Plants
Curator's Pick
Trending Quizzes
Colored Red Europe Blitz I
Colored Red Europe Blitz II
Colored Red Africa Blitz II
Colored Red Europe Blitz III
Colored Red Africa Blitz III
Recently Updated
Odd Team Out - Big 4 Players
pecheneg
Quick Pick: 20 Twenties
pecheneg
March Madness Men's Triple Doubles
pecheneg
How Do You Spell That?
pecheneg
Godzilla Movies
pecheneg
Grab Bag: 4-10 Letters
pecheneg
2024 March Madness Bracket
pecheneg
Famous TV Couples
Peacemaker
Champions League XIs: Real Madrid
pecheneg
Largest US Cities 1790-2010
pecheneg
Trending Topics
Disney
Harry Potter
NBA
Kpop
Anime
Crossword
Marvel
Pokémon
Soccer
NFL
Song
Puzzle
WWE
Country
The Office
Your Account Isn't Verified!
In order to create a playlist on Sporcle, you need to verify the email address you used during registration. Go to your
Sporcle Settings
to finish the process.
Report this User
Report this user for behavior that violates our
Community Guidelines
.
Details:
Send Report
Go to the Sporcle.com Mobile Site →
Comments